Abuelo Peluca /
¿Qué esconde Abuelo Peluca debajo de sus estrafalarios peinados? Su nieto, intrigadísimo, está decidido a averiguarlo.
Guardado en:
| Autor Principal: | |
|---|---|
| Otros Autores: | |
| Formato: | Libro |
| Publicado: |
Buenos Aires :
SM,
2014.
|
| Edición: | 1a ed. |
| Series: | El Barco de Vapor. Los Piratas ;
15 |
| Materias: | |
| Etiquetas: |
Agregar Etiqueta
Sin Etiquetas, Sea el primero en etiquetar este registro!
|
| LEADER | 00906nam a22002415a 4500 | ||
|---|---|---|---|
| 001 | CEM.cems020780 | ||
| 008 | 240216s2014##################000#0#####d | ||
| 005 | 20240216131022.0 | ||
| 245 | 1 | 0 | |a Abuelo Peluca / |c Karen Fogelström ; ilustrado por Damián Zain. |
| 250 | |a 1a ed. | ||
| 260 | |a Buenos Aires : |b SM, |c 2014. | ||
| 300 | |a 32 p. | ||
| 490 | 0 | |a El Barco de Vapor. Los Piratas ; |v 15 | |
| 520 | |a ¿Qué esconde Abuelo Peluca debajo de sus estrafalarios peinados? Su nieto, intrigadísimo, está decidido a averiguarlo. | ||
| 500 | |a Para empezar a leer. | ||
| 020 | |a 9789875739543 | ||
| 100 | 1 | |a Fogelström, Karen. | |
| 700 | 1 | |a Zain, Damián; il. | |
| 653 | |a Literatura argentina | ||
| 653 | |a Literatura infantil | ||
| 653 | |a Novela infantil | ||
| 859 | |a CEMS |b BIB. CEMS - Inicial y Primaria |h A868.4 |i F687 |k IP |p 6249 |t Ej. 1 | ||
| 859 | |a CEMS |b BIB. CEMS - Inicial y Primaria |h A868.4 |i F687 |k IP |p 6094 |t Ej.2 | ||
